[Event "V4 OPEN - International Championship of Slovakia 2
[Site "Banska Stiavnica"]
[Date "2013.07.09"]
[Round "4"]
[Board "31"]
[White "Bombek, Peter"]
[Black "Durica, Andrej"]
[Result "1-0"]
[WhiteElo "2227"]
[BlackElo "1854"]
[PlyCount "0"]
[EventDate "2013.07.06"]
[EventRounds "9"]
[EventCountry "SVK"]

1. Nf3 {[%clk 1:29:45]} Nf6 {[%clk 1:14:26]} 2. c4 {[%clk 1:29:58]} g6
{[%clk 1:13:41]} 3. Nc3 {[%clk 1:30:15]} Bg7 {[%clk 1:13:51]} 4. g3
{[%clk 1:30:20]} O-O {[%clk 1:13:35]} 5. Bg2 {[%clk 1:30:47]} c6 {[%clk 1:13:10]}
6. d4 {[%clk 1:29:31]} d6 {[%clk 1:11:12]} 7. O-O {[%clk 1:29:39]} Na6
{[%clk 1:10:53]} 8. e4 {[%clk 1:27:52]} Bg4 {[%clk 1:10:01]} 9. Be3
{[%clk 1:23:49]} Qd7 {[%clk 1:08:26]} 10. Re1 {[%clk 1:20:28]} Rfd8
{[%clk 1:06:34]} 11. a3 {[%clk 1:19:24]} Rab8 {[%clk 1:06:13]} 12. Qd3
{[%clk 1:16:04]} Bxf3 {[%clk 1:05:21]} 13. Bxf3 {[%clk 1:16:30]} b5
{[%clk 1:03:24]} 14. b4 {[%clk 1:11:57]} bxc4 {[%clk 1:01:11]} 15. Qxc4
{[%clk 1:11:39]} Nc7 {[%clk 1:01:27]} 16. Rec1 {[%clk 1:03:46]} d5
{[%clk 0:59:45]} 17. exd5 {[%clk 0:54:51]} cxd5 {[%clk 0:58:18]} 18. Qd3
{[%clk 0:53:48]} e6 {[%clk 0:56:38]} 19. Ra2 {[%clk 0:53:55]} Nce8
{[%clk 0:52:17]} 20. Bd1 {[%clk 0:48:32]} Nd6 {[%clk 0:48:38]} 21. Na4
{[%clk 0:46:17]} Rdc8 {[%clk 0:41:50]} 22. Nc5 {[%clk 0:43:41]} Qb5
{[%clk 0:41:31]} 23. Qxb5 {[%clk 0:41:48]} Nxb5 {[%clk 0:35:46]} 24. Be2
{[%clk 0:37:11]} Nd6 {[%clk 0:34:04]} 25. Rac2 {[%clk 0:35:52]} Nfe8
{[%clk 0:22:42]} 26. Kf1 {[%clk 0:34:32]} Nf5 {[%clk 0:21:06]} 27. Nb3
{[%clk 0:31:03]} Rxc2 {[%clk 0:20:25]} 28. Rxc2 {[%clk 0:31:31]} Nxe3+
{[%clk 0:16:15]} 29. fxe3 {[%clk 0:31:55]} Bh6 {[%clk 0:15:58]} 30. Kf2
{[%clk 0:31:01]} Nd6 {[%clk 0:16:03]} 31. Bd3 {[%clk 0:30:45]} Rc8
{[%clk 0:12:36]} 32. Nc5 {[%clk 0:30:38]} Bg5 {[%clk 0:10:33]} 33. Ke2
{[%clk 0:26:45]} Bd8 {[%clk 0:09:46]} 34. Kd2 {[%clk 0:25:14]} h5
{[%clk 0:08:08]} 35. Ke2 {[%clk 0:21:34]} h4 {[%clk 0:07:50]} 36. Kf3
{[%clk 0:21:26]} hxg3 {[%clk 0:08:03]} 37. hxg3 {[%clk 0:21:44]} Bg5
{[%clk 0:06:24]} 38. a4 {[%clk 0:11:33]} Kg7 {[%clk 0:04:31]} 39. a5
{[%clk 0:07:55]} Bd8 {[%clk 0:03:43]} 40. Nd7 {[%clk 0:02:07]} Rxc2
{[%clk 0:03:36]} 41. Bxc2 {[%clk 0:02:36]} Nc4 {[%clk 0:02:32]} 42. Nb8
{[%clk 0:25:01]} Bg5 {[%clk 0:32:12]} 43. Bd3 {[%clk 0:25:04]} Be7
{[%clk 0:26:10]} 44. Nc6 {[%clk 0:24:47]} Bd6 {[%clk 0:24:25]} 45. Nxa7
{[%clk 0:13:11]} Bxb4 {[%clk 0:24:36]} 46. Bxc4 {[%clk 0:13:12]} dxc4
{[%clk 0:24:07]} 47. Nc6 {[%clk 0:13:14]} Bd6 {[%clk 0:21:06]} 48. a6
{[%clk 0:12:54]} c3 {[%clk 0:21:27]} 49. Ke2 {[%clk 0:13:05]} 1-0

[Event "V4 OPEN - International Championship of Slovakia 2
[Site "Banska Stiavnica"]
[Date "2013.07.09"]
[Round "4"]
[Board "32"]
[White "Chmielewski, Jakub"]
[Black "Juhar, Roman"]
[Result "1-0"]
[WhiteElo "1880"]
[BlackElo "2213"]
[PlyCount "115"]
[EventDate "2013.07.06"]
[EventRounds "9"]
[EventCountry "SVK"]

1. e4 e5 2. Nf3 Nc6 3. Nc3 Nf6 4. d4 exd4 5. Nxd4 Bb4 6. Nxc6 bxc6 7. Bd3 d5 8.
exd5 cxd5 9. O-O O-O 10. Bg5 c6 11. Qf3 Be7 12. Rae1 Be6 13. Nd1 h6 14. Bxh6
gxh6 15. Rxe6 fxe6 16. Qg3+ Kh8 17. Qg6 Rf7 18. Qxf7 e5 19. Bf5 Qf8 20. Qg6 Qg7
21. Qxg7+ Kxg7 22. Ne3 Rb8 23. b3 Bc5 24. Ng4 Nxg4 25. Bxg4 Kf6 26. Bd7 Rb6 27.
h4 e4 28. Kh2 Ke5 29. c3 Kd6 30. Bf5 Rb8 31. g4 Bb6 32. Kg3 Ba5 33. c4 Ke5 34.
f4+ Kd4 35. Rd1+ Kc5 36. g5 hxg5 37. fxg5 Re8 38. Bg6 Rf8 39. h5 Bc7+ 40. Kg2
Bd8 41. h6 Bxg5 42. h7 Rh8 43. cxd5 cxd5 44. Rf1 Bd2 45. Rf7 a5 46. Rf5 Bc3 47.
Rh5 Kd6 48. Bf7 Be5 49. Bg8 d4 50. Rh6+ Kc5 51. Re6 d3 52. Rxe5+ Kd4 53. Rxa5
Ke3 54. Kf1 Kd2 55. Re5 e3 56. Rxe3 Kxe3 57. Ke1 Kd4 58. Kd2 1-0

[Event "V4 OPEN - International Championship of Slovakia 2
[Site "Banska Stiavnica"]
[Date "2013.07.09"]
[Round "4"]
[Board "33"]
[White "Adamciak, Tomas"]
[Black "Kleman, Miroslav"]
[Result "0-1"]
[WhiteElo "1853"]
[BlackElo "2207"]
[PlyCount "68"]
[EventDate "2013.07.06"]
[EventRounds "9"]
[EventCountry "SVK"]

1. e4 d6 2. d4 Nf6 3. Nc3 e5 4. dxe5 dxe5 5. Qxd8+ Kxd8 6. Nf3 Bd6 7. Bg5 Be6
8. O-O-O Nbd7 9. Bb5 Kc8 10. Rd2 a6 11. Bxd7+ Nxd7 12. Nd5 f6 13. Be3 b5 14. a4
bxa4 15. Rhd1 Rb8 16. Ne1 a3 17. b3 a5 18. Kb1 a4 19. Ka2 Re8 20. f3 Bf8 21.
Rb1 c6 22. Nc3 axb3+ 23. cxb3 Kc7 24. Nd3 Rb7 25. Nc1 Reb8 26. Rd3 g6 27. f4
Kc8 28. g3 f5 29. Na4 Rb4 30. Rc3 Kc7 31. Nc5 Bxc5 32. Bxc5 Rxe4 33. fxe5 Nxe5
34. Kxa3 Nc4+ 0-1

[Event "V4 OPEN - International Championship of Slovakia 2
[Site "Banska Stiavnica"]
[Date "2013.07.09"]
[Round "4"]
[Board "34"]
[White "Demeter, Peter"]
[Black "Volcko, Richard"]
[Result "1/2-1/2"]
[WhiteElo "2168"]
[BlackElo "1766"]
[PlyCount "84"]
[EventDate "2013.07.06"]
[EventRounds "9"]
[EventCountry "SVK"]

1. c4 e5 2. d3 Nf6 3. Nf3 Nc6 4. g3 d5 5. cxd5 Nxd5 6. Bg2 Be7 7. O-O O-O 8.
Nc3 Nb6 9. Be3 Be6 10. Na4 e4 11. Ne1 exd3 12. Nxd3 Bd5 13. Bxd5 Nxd5 14. Bc5
a5 15. a3 b6 16. Bxe7 Ncxe7 17. Rc1 c5 18. Qb3 Rb8 19. Rfd1 c4 20. Qxc4 b5 21.
Qa2 bxa4 22. Nf4 Nxf4 23. Rxd8 Nxe2+ 24. Kf1 Nxc1 25. Rxf8+ Kxf8 26. Qc4 Nb3
27. Qxa4 f6 28. Kg2 Rb7 29. Qe4 Nc5 30. Qc4 Nb3 31. h4 Rb8 32. g4 h6 33. h5 Ke8
34. f3 Kf8 35. Kg3 Ke8 36. Qf4 Rb7 37. Qd6 Rb5 38. Kh3 Rb7 39. Qa6 Rb8 40. Kg3
Kf8 41. Qd3 Ke8 42. Kh4 Kf8 1/2-1/2

[Event "V4 OPEN - International Championship of Slovakia 2
[Site "Banska Stiavnica"]
[Date "2013.07.09"]
[Round "4"]
[Board "35"]
[White "Zatko, Gregor"]
[Black "Haring, Filip"]
[Result "1-0"]
[WhiteElo "2158"]
[BlackElo "1742"]
[PlyCount "89"]
[EventDate "2013.07.06"]
[EventRounds "9"]
[EventCountry "SVK"]

1. d4 d5 2. Bf4 Nf6 3. e3 c5 4. c3 e6 5. Nd2 Nc6 6. Ngf3 Bd7 7. Bd3 Be7 8. Ne5
a6 9. a4 c4 10. Bc2 b5 11. Qf3 O-O 12. O-O Qb6 13. Qh3 g6 14. Bh6 Rfd8 15. Bg5
b4 16. Qh4 Kg7 17. Qh6+ Kg8 18. Ndf3 Be8 19. Nxc6 Bxc6 20. Ne5 Be8 21. Qh4 Kg7
22. Ng4 Nxg4 23. Bxe7 h5 24. h3 Nh6 25. Qf6+ Kg8 26. Bxg6 Rd7 27. Bc5 Qd8 28.
Qxd8 Rdxd8 29. Bxh5 bxc3 30. bxc3 Rdb8 31. a5 Nf5 32. g3 Ng7 33. Bf3 Bd7 34. e4
Bc6 35. exd5 Bxd5 36. Bxd5 exd5 37. Rfb1 Ne6 38. Bd6 Rb5 39. f4 Nd8 40. Rxb5
axb5 41. a6 Nc6 42. Bc5 Kg7 43. a7 Kf6 44. Ra6 b4 45. Rxc6+ 1-0

[Event "V4 OPEN - International Championship of Slovakia 2
[Site "Banska Stiavnica"]
[Date "2013.07.09"]
[Round "4"]
[Board "36"]
[White "Farkas, Gabor"]
[Black "Novotny, Michal"]
[Result "1-0"]
[WhiteElo "2359"]
[BlackElo "1984"]
[PlyCount "63"]
[EventDate "2013.07.06"]
[EventRounds "9"]
[EventCountry "SVK"]

1. e4 e6 2. d4 d5 3. Nc3 Nf6 4. Bg5 Be7 5. e5 Nfd7 6. h4 c5 7. Nb5 O-O 8. Bxe7
Qxe7 9. Nc7 cxd4 10. Nxa8 Nxe5 11. Qxd4 Nbc6 12. Qd2 b6 13. f4 Ng4 14. Bd3 Nf6
15. O-O-O Bb7 16. Nf3 Nb4 17. Kb1 Nxd3 18. cxd3 Rxa8 19. Rhg1 Ba6 20. Rc1 Ne8
21. h5 Qd6 22. h6 g6 23. g4 d4 24. g5 Nc7 25. Ne5 Bb7 26. Qf2 b5 27. Rc2 a5 28.
Rgc1 Na6 29. a3 a4 30. Nc6 Bxc6 31. Rxc6 Qd7 32. Qe2 1-0

[Event "V4 OPEN - International Championship of Slovakia 2
[Site "Banska Stiavnica"]
[Date "2013.07.09"]
[Round "4"]
[Board "37"]
[White "Kantorik, Marian"]
[Black "Kumala, Aleksander"]
[Result "1/2-1/2"]
[WhiteElo "2331"]
[BlackElo "1954"]
[PlyCount "110"]
[EventDate "2013.07.06"]
[EventRounds "9"]
[EventCountry "SVK"]

1. d4 Nf6 2. c4 e5 3. dxe5 Ng4 4. Bf4 Bb4+ 5. Nd2 Nc6 6. Ngf3 Qe7 7. e3 Ngxe5
8. Nxe5 Nxe5 9. Be2 O-O 10. O-O Bxd2 11. Qxd2 d6 12. Rfd1 b6 13. Qd5 Be6 14.
Qd4 f6 15. Bg3 a5 16. f4 Nd7 17. Bf3 Rad8 18. e4 Nc5 19. Qc3 Kh8 20. Rd2 f5 21.
exf5 Bxf5 22. Re1 Qd7 23. Bf2 Bg4 24. Bxc5 bxc5 25. Rde2 Bxf3 26. Qxf3 Rde8 27.
g3 c6 28. Qh5 Rxe2 29. Qxe2 d5 30. Qe6 Qb7 31. Qd6 Rb8 32. b3 dxc4 33. bxc4 Qb4
34. Re2 h6 35. Kg2 a4 36. f5 Rg8 37. Re6 Kh7 38. Qd3 Qb2+ 39. Kh3 Qd4 40. Qc2
Kh8 41. Rxc6 Rf8 42. Re6 Qg1 43. Qd3 Qf2 44. Re5 Qxa2 45. f6 Qf2 46. Rf5 Qd4
47. Qxd4 cxd4 48. fxg7+ Kxg7 49. Rd5 a3 50. Rxd4 Ra8 51. Rd1 a2 52. Ra1 Kf6 53.
Kh4 Ke5 54. Kh5 Kd4 55. h4 Ra6 1/2-1/2

[Event "V4 OPEN - International Championship of Slovakia 2
[Site "Banska Stiavnica"]
[Date "2013.07.09"]
[Round "4"]
[Board "38"]
[White "Mosny, Jaroslav"]
[Black "Ruckschloss, Karol"]
[Result "1/2-1/2"]
[WhiteElo "1926"]
[BlackElo "2283"]
[PlyCount "81"]
[EventDate "2013.07.06"]
[EventRounds "9"]
[EventCountry "SVK"]

1. d4 f5 2. g3 g6 3. Bg2 Bg7 4. Nf3 Nf6 5. O-O O-O 6. b3 Ne4 7. Bb2 c5 8. Qc1
Qc7 9. c4 e6 10. Nc3 Nc6 11. d5 Nxc3 12. Bxc3 Nd4 13. Nxd4 cxd4 14. Bb4 Re8 15.
d6 Qd8 16. Bd2 Rb8 17. Bg5 Bf6 18. Bxf6 Qxf6 19. f4 e5 20. fxe5 Rxe5 21. c5 b6
22. cxb6 Rxb6 23. Qxc8+ Kg7 24. Qxd7+ Kh6 25. Qxa7 Rxd6 26. Bf3 g5 27. Rad1 Re3
28. Rd3 Qe5 29. Qf7 g4 30. Qf8+ Kg6 31. Bxg4 fxg4 32. Qf7+ Kg5 33. Qf4+ Qxf4
34. Rxf4 Rxe2 35. Rdxd4 Rxd4 36. Rxd4 Rxa2 37. Rf4 Rb2 38. Rb4 Kf5 39. Rf4+ Kg5
40. Rb4 Kf5 41. Rf4+ 1/2-1/2

[Event "V4 OPEN - International Championship of Slovakia 2
[Site "Banska Stiavnica"]
[Date "2013.07.09"]
[Round "4"]
[Board "39"]
[White "Skara, Vladimir"]
[Black "Kravec, Patrik"]
[Result "0-1"]
[WhiteElo "2205"]
[BlackElo "1916"]
[PlyCount "78"]
[EventDate "2013.07.06"]
[EventRounds "9"]
[EventCountry "SVK"]

1. d4 d5 2. Nf3 Nf6 3. g3 e6 4. Bg2 Be7 5. O-O O-O 6. b3 Nbd7 7. c4 b6 8. cxd5
exd5 9. Ba3 Bb7 10. Bxe7 Qxe7 11. Nc3 Ne4 12. Rc1 Ndf6 13. Nd2 Nxc3 14. Rxc3
Rfe8 15. Re1 c5 16. Qc2 Rac8 17. Bh3 Rc7 18. e3 Bc8 19. Bf1 g6 20. Bd3 Bb7 21.
Rc1 Rec8 22. Bf1 Rc6 23. Bb5 R6c7 24. Bd3 Ne8 25. Qb1 cxd4 26. Rxc7 Rxc7 27.
exd4 Rxc1+ 28. Qxc1 Ng7 29. Nf3 Ne6 30. h4 Qf6 31. Qe3 Ng7 32. Ne5 Bc8 33. Qc1
Bf5 34. Qc7 Ne6 35. Qb8+ Kg7 36. Bxf5 Qxf5 37. Nc6 Qb1+ 38. Kg2 Qe4+ 39. f3
Qc2+ 0-1

[Event "V4 OPEN - International Championship of Slovakia 2
[Site "Banska Stiavnica"]
[Date "2013.07.09"]
[Round "4"]
[Board "40"]
[White "Kral, Klaudia"]
[Black "Sosovicka, Juraj"]
[Result "1/2-1/2"]
[WhiteElo "1911"]
[BlackElo "2201"]
[PlyCount "51"]
[EventDate "2013.07.06"]
[EventRounds "9"]
[EventCountry "SVK"]

1. e4 e5 2. Nf3 Nc6 3. d4 exd4 4. Nxd4 Nf6 5. Nxc6 bxc6 6. e5 Qe7 7. Qe2 Nd5 8.
c4 Ba6 9. b3 g6 10. Bb2 Bg7 11. Nd2 Nb4 12. Nf3 c5 13. g3 O-O 14. Bg2 Rae8 15.
O-O Bb7 16. Qd2 Bxf3 17. Bxf3 Bxe5 18. Bxe5 Qxe5 19. a3 Nc6 20. Bxc6 dxc6 21.
Rae1 Qd4 22. Qa5 Qd3 23. Qxc5 Qxb3 24. Qxc6 Qb6 25. Qb5 a6 26. Qb4 1/2-1/2

[Event "V4 OPEN - International Championship of Slovakia 2
[Site "Banska Stiavnica"]
[Date "2013.07.09"]
[Round "4"]
[Board "41"]
[White "Kalisky, Vladimir"]
[Black "Szostko, Jakub"]
[Result "1/2-1/2"]
[WhiteElo "2195"]
[BlackElo "1895"]
[PlyCount "90"]
[EventDate "2013.07.06"]
[EventRounds "9"]
[EventCountry "SVK"]

1. d4 Nf6 2. Nf3 e6 3. Bg5 d5 4. e3 h6 5. Bh4 Be7 6. Nbd2 O-O 7. c3 c5 8. Ne5
Nc6 9. Ndf3 Nxe5 10. Nxe5 Nd7 11. Bxe7 Qxe7 12. Nxd7 Bxd7 13. Bd3 e5 14. O-O
cxd4 15. cxd4 e4 16. Be2 Qb4 17. Qb3 Qxb3 18. axb3 Rfc8 19. Rfc1 Rxc1+ 20. Rxc1
Rc8 21. Rxc8+ Bxc8 22. Kf1 Kf8 23. Ke1 Ke7 24. Kd2 Kd6 25. Kc3 a6 26. Kb4 b6
27. Kc3 g6 28. f3 f5 29. fxe4 fxe4 30. Kd2 Ke7 31. Ke1 Kf6 32. Kf2 Kg5 33. Kg3
h5 34. h4+ Kf5 35. Bf1 g5 36. hxg5 Kxg5 37. Kh2 b5 38. Kg3 Bg4 39. Kf2 Bc8 40.
g3 Bg4 41. b4 Kf6 42. Ke1 Ke6 43. Kd2 Kd6 44. Kc3 Ke6 45. Kd2 Kd6 1/2-1/2

[Event "V4 OPEN - International Championship of Slovakia 2
[Site "Banska Stiavnica"]
[Date "2013.07.09"]
[Round "4"]
[Board "42"]
[White "Hyll, Jan"]
[Black "Horvath, Julia"]
[Result "0-1"]
[WhiteElo "1899"]
[BlackElo "2183"]
[PlyCount "134"]
[EventDate "2013.07.06"]
[EventRounds "9"]
[EventCountry "SVK"]

1. e4 c5 2. d4 cxd4 3. c3 Nf6 4. e5 Nd5 5. Nf3 e6 6. Bc4 Nb6 7. Bb3 d6 8. exd6
Bxd6 9. cxd4 O-O 10. O-O N8d7 11. Nc3 Nf6 12. Bg5 Be7 13. Rc1 Bd7 14. Ne5 Rc8
15. Qf3 Bc6 16. Nxc6 Rxc6 17. Rfd1 Nfd5 18. Bxd5 Nxd5 19. Nxd5 Bxg5 20. Rxc6
bxc6 21. Nb4 Qb6 22. Qb3 Rc8 23. Nd3 Rd8 24. Ne5 c5 25. Qf3 Qc7 26. Qg4 Bf6 27.
Rc1 Qb7 28. h3 cxd4 29. Nd3 h6 30. Qe2 Rc8 31. Rc2 Rxc2 32. Qxc2 Qe4 33. Kf1 e5
34. f3 Qf5 35. Qe2 g6 36. b4 Qe6 37. Nc5 Qc6 38. a3 Qd5 39. Qc2 Be7 40. Nd3 Kg7
41. Qe2 Bd6 42. Qc2 f5 43. Qc8 Qb5 44. Kf2 Kf7 45. Nc5 Qe8 46. Qb7+ Qe7 47.
Qd5+ Kg7 48. Nb7 Bc7 49. Nc5 h5 50. Ne6+ Kf6 51. Nc5 Qd6 52. Qc4 Bb6 53. Na4
d3+ 54. Nxb6 Qxb6+ 55. Kg3 Qd6 56. Qh4+ Kf7 57. Qc4+ Kg7 58. Qc8 d2 59. Qb7+
Kf6 60. Qh7 d1=Q 61. Qh8+ Ke7 62. Qg7+ Kd8 63. Qg8+ Kd7 64. Qf7+ Qe7 65. Qxg6
h4+ 66. Kh2 Qd3 67. Qg8 e4 0-1

[Event "V4 OPEN - International Championship of Slovakia 2
[Site "Banska Stiavnica"]
[Date "2013.07.09"]
[Round "4"]
[Board "43"]
[White "Gbyl, Andrzej"]
[Black "Pasztor, Ladislav"]
[Result "1-0"]
[WhiteElo "2174"]
[BlackElo "1886"]
[PlyCount "93"]
[EventDate "2013.07.06"]
[EventRounds "9"]
[EventCountry "SVK"]

1. d4 Nf6 2. c4 g6 3. Nc3 Bg7 4. e4 d6 5. Nf3 Bg4 6. Be2 Bxf3 7. Bxf3 c6 8. O-O
Nbd7 9. Be3 Qc7 10. Qd2 O-O 11. Be2 e5 12. d5 c5 13. a3 a6 14. b4 b6 15. Rfb1
Kh8 16. Ra2 Ng8 17. Rab2 f5 18. f3 f4 19. Bf2 Rab8 20. Qc2 Rfc8 21. Qa4 cxb4
22. Rxb4 Nc5 23. Qd1 Bf6 24. Na4 Nxa4 25. Qxa4 b5 26. cxb5 axb5 27. Bxb5 Ra8
28. Qb3 Qc3 29. a4 Ne7 30. Bd7 Qxb3 31. R4xb3 Rc7 32. Rb7 Rc2 33. Ra1 Nxd5 34.
exd5 e4 35. Rab1 e3 36. Be1 Bd4 37. R7b4 Bc5 38. Rxf4 e2+ 39. Kh1 Ra7 40. Bb5
Re7 41. Re4 Rxe4 42. fxe4 Kg7 43. g3 Kf6 44. Kg2 Ke5 45. Kf3 Bg1 46. Bxe2 Bxh2
47. Bd3 1-0

[Event "V4 OPEN - International Championship of Slovakia 2
[Site "Banska Stiavnica"]
[Date "2013.07.09"]
[Round "4"]
[Board "44"]
[White "Dolnak, Michal"]
[Black "Jancura, Andrej"]
[Result "1/2-1/2"]
[WhiteElo "2167"]
[BlackElo "1885"]
[PlyCount "100"]
[EventDate "2013.07.06"]
[EventRounds "9"]
[EventCountry "SVK"]

1. d4 d5 2. c4 c6 3. Nf3 Nf6 4. Nc3 dxc4 5. a4 Bf5 6. e3 e6 7. Bxc4 Bb4 8. O-O
Nbd7 9. h3 O-O 10. Nh4 Bg6 11. Nxg6 hxg6 12. Qb3 Bxc3 13. bxc3 Qc7 14. Rb1 Rab8
15. Qa2 Rfd8 16. Bd2 c5 17. Rfc1 Rbc8 18. Be2 Ne4 19. Be1 b6 20. Ba6 Ra8 21.
Rd1 Nd6 22. Be2 Rac8 23. c4 Nf6 24. Kh1 Nd7 25. a5 Rb8 26. Ra1 Nf5 27. d5 e5
28. Bg4 Nd6 29. Bxd7 Qxd7 30. axb6 axb6 31. Qc2 b5 32. cxb5 Rxb5 33. Bc3 f6 34.
Qxg6 Qf5 35. Qxf5 Nxf5 36. Ra5 Nd6 37. Rxb5 Nxb5 38. Ba5 Rd7 39. e4 Nd6 40. f3
Rb7 41. Kg1 Kf7 42. Kf1 Ke7 43. Rc1 Rb5 44. Bd2 f5 45. Be3 fxe4 46. Rxc5 exf3
47. gxf3 Rb1+ 48. Rc1 Rxc1+ 49. Bxc1 Nc4 50. Ke2 Kd6 1/2-1/2

[Event "V4 OPEN - International Championship of Slovakia 2
[Site "Banska Stiavnica"]
[Date "2013.07.09"]
[Round "4"]
[Board "45"]
[White "Chlpik, Martin"]
[Black "Michalek, Matej"]
[Result "1/2-1/2"]
[WhiteElo "2125"]
[BlackElo "1885"]
[PlyCount "123"]
[EventDate "2013.07.06"]
[EventRounds "9"]
[EventCountry "SVK"]

1. e4 d6 2. d4 g6 3. Nc3 Bg7 4. Bg5 Nd7 5. Qd2 c5 6. Nf3 a6 7. h4 h6 8. Be3
Ngf6 9. e5 cxd4 10. Qxd4 Nxe5 11. Nxe5 dxe5 12. Qxe5 Bf5 13. Rd1 Qb8 14. Qxb8+
Rxb8 15. Bd3 Bxd3 16. Rxd3 Rd8 17. Bd4 O-O 18. Kd2 Ne4+ 19. Nxe4 Bxd4 20. Ke2
f5 21. Nc3 Bxc3 22. Rxc3 Rd7 23. Rhh3 Rfd8 24. Rhe3 Kf7 25. Rc5 Rd5 26. Rc7
R8d7 27. Rxd7 Rxd7 28. Rb3 b5 29. Rc3 Rd6 30. Rc7 Kf6 31. Ke3 e5 32. g3 g5 33.
b3 f4+ 34. Kf3 fxg3 35. hxg5+ Kxg5 36. fxg3 Rd4 37. Rc5 Kf5 38. Rc6 Rd2 39. a4
bxa4 40. bxa4 a5 41. g4+ Kg5 42. Rc5 Kf6 43. Rc6+ Kg5 44. Re6 Rd5 45. Re8 Rc5
46. c4 Kf6 47. Ra8 Kg5 48. Ra6 h5 49. gxh5 Kxh5 50. Ke3 Kg5 51. Kd3 Kf4 52.
Rf6+ Kg5 53. Rb6 Kf4 54. Rb5 e4+ 55. Kd4 Rxb5 56. axb5 e3 57. b6 e2 58. b7 e1=Q
59. b8=Q+ Kf5 60. Qb5+ Kf6 61. Qc6+ Ke7 62. Qc7+ 1/2-1/2

[Event "V4 OPEN - International Championship of Slovakia 2
[Site "Banska Stiavnica"]
[Date "2013.07.09"]
[Round "4"]
[Board "46"]
[White "Recky, Norbert"]
[Black "Danada, Tomas"]
[Result "0-1"]
[WhiteElo "1879"]
[BlackElo "2085"]
[PlyCount "105"]
[EventDate "2013.07.06"]
[EventRounds "9"]
[EventCountry "SVK"]

1. e4 g6 2. d4 Bg7 3. c4 d6 4. Nc3 e5 5. d5 f5 6. Bd3 Nf6 7. Qc2 fxe4 8. Nxe4
Nxe4 9. Bxe4 O-O 10. Be3 a5 11. Ne2 Na6 12. O-O b6 13. a3 Nc5 14. f3 a4 15. Nc3
Bd7 16. Bxc5 bxc5 17. b4 axb3 18. Qxb3 Bh6 19. Nb5 Bf4 20. g3 Bh6 21. a4 Rf7
22. a5 Bc8 23. Ra2 Qg5 24. Rfa1 Ba6 25. Re2 Bg7 26. Qe3 Qe7 27. Qd3 Rff8 28. h4
Bc8 29. h5 Bf5 30. hxg6 hxg6 31. a6 Qf7 32. Ra3 Bh6 33. a7 Kg7 34. Bxf5 gxf5
35. Ra1 Rg8 36. Rg2 Kf8 37. Ra6 Rg7 38. Rc6 Qg6 39. Qa3 f4 40. g4 Qb1+ 41. Kf2
Qc2+ 42. Kg1 Qd1+ 43. Kf2 Qd2+ 44. Kf1 Qd1+ 45. Kf2 e4 46. fxe4 f3 47. Qxf3+
Rf7 48. Qxf7+ Kxf7 49. Rxc7+ Kg6 50. Nxd6 Qd4+ 51. Kf1 Qa1+ 52. Ke2 Bf4 53. Rc6
0-1

[Event "V4 OPEN - International Championship of Slovakia 2
[Site "Banska Stiavnica"]
[Date "2013.07.09"]
[Round "4"]
[Board "47"]
[White "Volna, Lukas"]
[Black "Milcova, Zuzana"]
[Result "1/2-1/2"]
[WhiteElo "1809"]
[BlackElo "2061"]
[PlyCount "143"]
[EventDate "2013.07.06"]
[EventRounds "9"]
[EventCountry "SVK"]

1. d4 d5 2. Bf4 Nf6 3. e3 Bf5 4. Bd3 e6 5. Ne2 Bd6 6. O-O O-O 7. Bxf5 exf5 8.
Qd3 Bxf4 9. Nxf4 Qd7 10. Nd2 Re8 11. c4 c6 12. Rfc1 Na6 13. a3 g6 14. Nf3 Nc7
15. Ne5 Qe7 16. b4 Nd7 17. cxd5 Nxe5 18. dxe5 Nxd5 19. Nxd5 cxd5 20. Qxd5 Rad8
21. Qc5 Qxe5 22. Qxe5 Rxe5 23. Rc7 Red5 24. g3 R8d7 25. Rac1 a6 26. Rxd7 Rxd7
27. Kg2 Rd3 28. a4 Rb3 29. Rc4 b5 30. axb5 axb5 31. Rd4 Kg7 32. Kf3 Rb2 33. h4
h5 34. Kg2 Kf6 35. Kf1 Ke6 36. Kg1 f6 37. Kg2 g5 38. Kf1 Rc2 39. Ke1 Ke5 40.
Kf1 Ke6 41. Ke1 Rb2 42. Kf1 f4 43. exf4 gxf4 44. gxf4 Kf5 45. f3 Ke6 46. Kg1
Rc2 47. Kf1 f5 48. Kg1 Rb2 49. Kh1 Rf2 50. Rd3 Rc2 51. Re3+ Kf6 52. Re5 Rc4 53.
Rxb5 Rxf4 54. Kg2 Rxh4 55. Rb8 Rd4 56. b5 Kg5 57. b6 Rb4 58. b7 Kf4 59. Kh3 Rb1
60. Kg2 Rb2+ 61. Kh3 h4 62. Ra8 Rxb7 63. Ra4+ Kxf3 64. Kxh4 f4 65. Ra3+ Ke4 66.
Ra4+ Ke5 67. Ra5+ Ke6 68. Ra6+ Ke7 69. Kg4 Rb4 70. Kf3 Kf7 71. Kg4 Ke7 72. Kf3
1/2-1/2

[Event "V4 OPEN - International Championship of Slovakia 2
[Site "Banska Stiavnica"]
[Date "2013.07.09"]
[Round "4"]
[Board "48"]
[White "Vrtiakova, Anna"]
[Black "Haring, Viktor"]
[Result "0-1"]
[WhiteElo "1805"]
[BlackElo "2060"]
[PlyCount "112"]
[EventDate "2013.07.06"]
[EventRounds "9"]
[EventCountry "SVK"]

1. e4 c5 2. Nf3 e6 3. d4 cxd4 4. Nxd4 a6 5. Bd3 Nf6 6. O-O e5 7. Nb3 Nc6 8. Nc3
d6 9. Be2 Be6 10. Be3 Be7 11. Kh1 O-O 12. f4 exf4 13. Bxf4 Ne5 14. Nd4 Bc8 15.
h3 b5 16. Nf5 Bb7 17. Nd5 Nxd5 18. exd5 Bf6 19. c3 Rc8 20. Qd2 Rc5 21. Ne3 Ng6
22. Qd3 Re8 23. Bh5 Nxf4 24. Rxf4 Re5 25. Bf3 Qe7 26. Re4 Bg5 27. Rxe5 Qxe5 28.
Re1 Qg3 29. Qe2 g6 30. Rd1 Rc7 31. Nf1 Qf4 32. Qd2 Qf5 33. Qf2 Re7 34. Ng3 Qf4
35. Ne2 Qa4 36. Nd4 Qxa2 37. Nc6 Rd7 38. Bg4 f5 39. Bf3 Qc4 40. Re1 Qh4 41. Qe2
Kg7 42. Rd1 Bf4 43. Qe8 Bxc6 44. dxc6 Re7 45. Qxe7+ Qxe7 46. b3 Kf8 47. c4 b4
48. Bd5 Ke8 49. Bf3 Kd8 50. c5 Kc7 51. cxd6+ Bxd6 52. Bd5 Qe5 53. Kg1 Bc5+ 54.
Kh1 g5 55. Bf3 Bd6 56. Kg1 Qe3+ 0-1

[Event "V4 OPEN - International Championship of Slovakia 2
[Site "Banska Stiavnica"]
[Date "2013.07.09"]
[Round "4"]
[Board "49"]
[White "Bango, Lukas"]
[Black "Tropp, Oliver"]
[Result "0-1"]
[WhiteElo "1757"]
[BlackElo "2059"]
[PlyCount "70"]
[EventDate "2013.07.06"]
[EventRounds "9"]
[EventCountry "SVK"]

1. c4 c5 2. Nc3 Nf6 3. g3 g6 4. Bg2 Bg7 5. Nf3 O-O 6. O-O Nc6 7. d3 d5 8. cxd5
Nxd5 9. Bd2 e6 10. a3 b6 11. Qc2 Bb7 12. Rfc1 Rc8 13. Qa4 a6 14. Rab1 b5 15.
Qd1 Qb6 16. b4 cxb4 17. Nxd5 exd5 18. axb4 Rfe8 19. Rc5 Nd4 20. e3 Rxc5 21.
bxc5 Nxf3+ 22. Bxf3 Qxc5 23. d4 Qb6 24. Bb4 Bf8 25. Bd2 Rc8 26. Be2 b4 27. Qa4
a5 28. Bd1 Bc6 29. Qa2 a4 30. Qb2 b3 31. Qa1 Bd7 32. Bc1 Bf5 33. Rb2 Ba3 34.
Rxb3 Rxc1 35. Qxc1 axb3 0-1

[Event "V4 OPEN - International Championship of Slovakia 2
[Site "Banska Stiavnica"]
[Date "2013.07.09"]
[Round "4"]
[Board "50"]
[White "Sturc, Gustav"]
[Black "Sosovicka, Jakub"]
[Result "1-0"]
[WhiteElo "2047"]
[BlackElo "1620"]
[PlyCount "115"]
[EventDate "2013.07.06"]
[EventRounds "9"]
[EventCountry "SVK"]

1. e4 e5 2. Nf3 Nf6 3. Nxe5 d6 4. Nf3 Nxe4 5. d3 Nf6 6. d4 d5 7. Bg5 Be7 8. Bd3
O-O 9. O-O Re8 10. c3 b6 11. Qc2 h6 12. Bh4 Bb7 13. Nbd2 Nbd7 14. Rfe1 c5 15.
Nf1 Rc8 16. Bf5 Qc7 17. Rad1 Ne4 18. Bxe7 Rxe7 19. Ne5 Nef6 20. Nxd7 Rxd7 21.
Bxd7 Qxd7 22. Ng3 Re8 23. Qf5 Qd6 24. Rxe8+ Nxe8 25. Re1 Nc7 26. Qe5 Qxe5 27.
Rxe5 Ne6 28. Nf5 Kf8 29. Re1 Ba6 30. g3 Bc4 31. dxc5 bxc5 32. Ne3 Bxa2 33. Ra1
Bb3 34. Ra3 Bc4 35. Nxc4 dxc4 36. Rxa7 Ke8 37. f4 g6 38. Kf2 f5 39. Ke3 Kd8 40.
Ra4 Kd7 41. Rxc4 Kc6 42. Ra4 Kb7 43. b3 Nc7 44. Kd3 Kc6 45. Ra7 Kb6 46. Rxc7
Kxc7 47. Kc4 Kc6 48. b4 cxb4 49. cxb4 Kb6 50. b5 g5 51. h4 g4 52. h5 Kb7 53.
Kd5 Kb6 54. Ke5 Kxb5 55. Kxf5 Kc6 56. Ke6 Kc7 57. Ke7 Kc6 58. f5 1-0